000 00527nam a2200217 i 4500
001 bg
100 1 _aZARZECKI, Konrad
245 1 0 _aABC ... Corela /
_cKonrad Zarzecki.
260 _aKraków :
_b"Edition 2000",
_c1999.
300 _a306 s. :
_bil. ;
_c24 cm.
504 _aIndeks.
650 9 _aCorelDRAW
655 _aPodręczniki
020 _a8387297461
040 _cBPK
041 0 _apol
080 _a004.42:004.92](07)
920 _a83-87297-46-1
942 _cKS
008 s pl f |000 0 pol
999 _c51917
_d51917
856 _uhttp://koha.tu.koszalin.pl/cgi-bin/koha/opac-detail.pl?biblionumber=51917
_yKatalog online BPK